|
|
|
|
| LEADER |
01001nam a2200253 a 4500 |
| 001 |
1599852 |
| 008 |
100109s1995 ctuab b 001 0 eng d |
| 010 |
|
|
|a \\\94068214
|
| 020 |
|
|
|a 156134382X
|
| 040 |
|
|
|a DLC
|c DLC
|d BD-DhAAL
|
| 082 |
0 |
0 |
|a 327
|2 20
|
| 100 |
1 |
|
|a Rourke, John T.,
|d 1945-
|
| 245 |
1 |
0 |
|a International politics on the world stage /
|c John T. Rourke.
|
| 250 |
|
|
|a 5th ed.
|
| 260 |
|
|
|a Guilford, Conn. :
|b Dushkin Pub. Group/Brown & Benchmark Publishers,
|c c1995.
|
| 300 |
|
|
|a xxxii, 629, xxxiii-lxxxviii p. :
|b ill. (some col.), maps (some col.) ;
|c 26 cm.
|
| 504 |
|
|
|a Includes bibliographical references (lvii-lxxvi) and index.
|
| 541 |
1 |
|
|e 00009704
|
| 650 |
|
0 |
|a International relations.
|
| 650 |
|
0 |
|a World politics
|y 1989-
|
| 650 |
|
0 |
|a International economic relations.
|
| 852 |
4 |
|
|a Ayesha Abed Library
|j General shelf
|
| 999 |
|
|
|c 6805
|d 6805
|
| 952 |
|
|
|0 0
|1 0
|2 ddc
|4 0
|6 327_ROU_199500000000000
|7 0
|9 6996
|a BRACUL
|b BRACUL
|c GEN
|d 2010-01-10
|l 0
|o 327 ROU
|p 3010009704
|r 2010-01-10
|t 1
|w 2010-01-10
|y BK
|